| 000 | 01318nam2a22002651 4500 | ||
|---|---|---|---|
| 001 | v19\rc\2063937 | ||
| 005 | 20260406110857.0 | ||
| 035 | _a(NLR Aleph) 005275204 | ||
| 090 |
_a6041225 _c6041225 |
||
| 100 | _a20081111d1927 |||y0rusy50 ca | ||
| 101 | 0 |
_arus _atun |
|
| 102 | _aRU | ||
| 105 | _ay z |||z| | ||
| 200 | 1 |
_aМатериалы для исследования тунгусского языка _eнаречие баргузинских тунгусов _fН.Н. Поппе |
|
| 210 |
_d1927 _aБ. м. |
||
| 215 | _a[2], 60 с. | ||
| 461 | 0 |
_1001v19\rc\2063924 _12001#$aМатериалы по яфетическому языкознанию$f[под ред. и с предисл. акад. Н.Я. Марра]$v13 _96041216 _cСанкт-Петербург _d1910-1927 _f[под ред. и с предисл. акад. Н.Я. Марра] _nтип. Академии наук _tМатериалы по яфетическому языкознанию _v13 |
|
| 700 | 1 |
_8rus _7ca _aПоппе _bН. Н. _cлингвист _f1897-1991 _gНиколай Николаевич _3RU\NLR\AUTH\77113635 _996560 |
|
| 801 | 0 |
_aRU _bNLR _c20081111 _gpsbo |
|
| 801 | 1 |
_aRU _bProSoft-M _c20081111 _2rusmarc |
|
| 801 | 2 |
_aRU _bNLR _c20121109 _2rusmarc |
|
| 852 |
_aNLR _j37.36.6.232 |
||
| 852 |
_aNLR _j37.36.6.83 (13) |
||
| 942 | _cBOOK | ||
| 980 | _aNB | ||